| 000 | 00341nam a2200121Ia 4500 | ||
|---|---|---|---|
| 008 | 210430s9999 xx 000 0 und d | ||
| 020 | _a9781569905487 (hardcover) | ||
| 082 | _a620.1920287 | ||
| 100 |
_aGrellmann, Wolfgang _954871 |
||
| 245 |
_aPolymer testing 2nd/ _cGrellmann, Wolfgang |
||
| 300 | _axxxiv, 678 pages : | ||
| 942 |
_cREF _2ddc |
||
| 999 |
_c565756 _d565756 |
||